First National Conference on Beekeeping (Record no. 41439)
[ view plain ]
| 000 -LEADER | |
|---|---|
| fixed length control field | 00330nam a22001337a 4500 |
| 003 - CONTROL NUMBER IDENTIFIER | |
| control field | OSt |
| 008 - FIXED-LENGTH DATA ELEMENTS--GENERAL INFORMATION | |
| fixed length control field | 240717b |||||||| |||| 00| 0 eng d |
| 082 ## - DEWEY DECIMAL CLASSIFICATION NUMBER | |
| Classification number | 638.1 |
| Item number | N28P |
| 100 ## - MAIN ENTRY--PERSONAL NAME | |
| Personal name | India Nat Hort Board |
| 245 ## - TITLE STATEMENT | |
| Title | First National Conference on Beekeeping |
| 260 ## - PUBLICATION, DISTRIBUTION, ETC. (IMPRINT) | |
| Place of publication, distribution, etc | India Nat Hort Board |
| 300 ## - PHYSICAL DESCRIPTION | |
| Extent | 117+39 |
| 942 ## - ADDED ENTRY ELEMENTS (KOHA) | |
| Source of classification or shelving scheme | |
| Koha item type | Report & Other Documents |
| Withdrawn status | Lost status | Source of classification or shelving scheme | Damaged status | Not for loan | Home library | Current library | Date acquired | Total Checkouts | Full call number | Barcode | Date last seen | Bill Date | Koha item type |
|---|---|---|---|---|---|---|---|---|---|---|---|---|---|
| Dr. Rajendra Prasad Central Agricultural University Pusa, | Dr. Rajendra Prasad Central Agricultural University Pusa, | 17/07/2024 | 638.1 N28P | 45699 | 17/07/2024 | 17/07/2024 | Report & Other Documents |